000 00563nam a2200193Ia 4500
005 20250508165945.0
008 008 250505s9999 xx 000 0 hin d
037 _aTheses
040 _aFEDL
_beng
_cFEDL
041 _ahin
_2eng
084 _a371.26, RIT/TH
_qFEDL
100 _aRitu Bala
245 0 _aPariksha pranaali evam shaikshik vishamta: Ek samajshastriya adhyayan
260 _c2017
300 _aviii, 324p.
546 _aPh.D Thesis (Delhi University); C D Included
942 _cTH
_h371.26, RIT/TH
999 _c1398411
_d1398411